平成に消滅・改称した三重県の市町村 - Statistics

General Stats
  • This quiz has been taken 33 times
  • The average score is 41 of 55
Answer Stats
変更年月日 変更内容 回答 変更後の市町村 % Correct
2003.12/01 新設合併 員弁町 いなべ市
100%
2004.11/01 新設合併 上野市 伊賀市
95%
2006.01/01 新設合併 久居市 津市
95%
2004.10/01 新設合併 志摩町 志摩市
90%
2004.12/06 新設合併 桑名市 桑名市
90%
2005.01/01 新設合併 松阪市 松阪市
90%
2005.01/11 新設合併 亀山市 亀山市
90%
2005.11/01 新設合併 伊勢市 伊勢市
90%
2005.11/01 新設合併 熊野市 熊野市
90%
2004.11/01 新設合併 青山町 伊賀市
86%
2004.12/06 新設合併 長島町 桑名市
86%
2005.11/01 新設合併 御薗村 伊勢市
86%
2006.01/01 新設合併 津市 津市
86%
2006.01/10 新設合併 大台町 大台町
86%
2004.10/01 新設合併 阿児町 志摩市
81%
2004.10/01 新設合併 磯部町 志摩市
81%
2005.01/01 新設合併 嬉野町 松阪市
81%
2005.01/11 新設合併 関町 亀山市
81%
2005.10/11 新設合併 紀伊長島町 紀北町
81%
2005.11/01 新設合併 二見町 伊勢市
81%
2006.01/01 新設合併 美杉村 津市
81%
2006.01/01 新設合併 多気町 多気町
81%
2006.01/10 新設合併 紀宝町 紀宝町
81%
2003.12/01 新設合併 北勢町 いなべ市
76%
2003.12/01 新設合併 大安町 いなべ市
76%
2004.10/01 新設合併 大王町 志摩市
76%
2005.10/01 新設合併 南島町 南伊勢町
76%
2005.11/01 新設合併 小俣町 伊勢市
76%
2006.01/01 新設合併 一志町 津市
76%
2006.01/10 新設合併 鵜殿村 紀宝町
76%
2004.10/01 新設合併 浜島町 志摩市
71%
2004.11/01 新設合併 伊賀町 伊賀市
71%
2004.12/06 新設合併 多度町 桑名市
71%
2006.01/01 新設合併 白山町 津市
71%
2004.11/01 新設合併 島ヶ原村 伊賀市
67%
2005.01/01 新設合併 飯南町 松阪市
67%
2005.01/01 新設合併 飯高町 松阪市
67%
2005.02/07 編入合併 楠町 四日市市
67%
2005.10/01 新設合併 南勢町 南伊勢町
67%
2005.11/01 新設合併 紀和町 熊野市
67%
2006.01/10 新設合併 宮川村 大台町
67%
2003.12/01 新設合併 藤原町 いなべ市
62%
2004.11/01 新設合併 阿山町 伊賀市
62%
2005.02/14 新設合併 大内山村 大紀町
62%
2006.01/01 新設合併 勢和村 多気町
62%
2005.02/14 新設合併 大宮町 大紀町
57%
2005.02/14 新設合併 紀勢町 大紀町
57%
2005.10/11 新設合併 海山町 紀北町
57%
2006.01/01 新設合併 河芸町 津市
57%
2006.01/01 新設合併 芸濃町 津市
57%
2004.11/01 新設合併 大山田村 伊賀市
52%
2005.01/01 新設合併 三雲町 松阪市
52%
2006.01/01 新設合併 美里村 津市
52%
2006.01/01 新設合併 安濃町 津市
52%
2006.01/01 新設合併 香良洲町 津市
52%
No matching quizzes found
Score Distribution
Percent of People with Each Score
Percentile by Number Answered
Your Score History
You have not taken this quiz